000 00565nam a2200193Ia 4500
003 GCL
008 140319s9999 xx 000 0 ara d
040 _aGCL /
_cGCL
082 0 4 _a219.3
_bا م
100 1 _aاسماعيل البدوى
245 1 0 _aمبدا الشورى فى الشريعة الاسلامية /
_cاسماعيل البدوى
260 _a[S.N] :
_bدار النهضة العربية ،
_c1994
300 _a149 ص
490 _a
650 0 4 _aالاسلام
650 0 4 _aالشورى
650 0 4 _aنظام الحكم
942 _2ddc
_cBK
999 _c31295
_d31295